Einführung in das Kulturmanagement
Saved in:
| Main Author: | |
|---|---|
| Format: | Book |
| Language: | German |
| Published: |
Darmstadt
Wissenschaftliche Buchgesellschaft
1993
|
| Edition: | 1. Aufl. |
| Subjects: | |
| Tags: |
No Tags, Be the first to tag this record!
|
MARC
| LEADER | 00000nam a2200000 4500 | ||
|---|---|---|---|
| 001 | c005921 | ||
| 005 | 20221206074401.7 | ||
| 020 | |a 3-534-11868-5 | ||
| 041 | 0 | |a ger | |
| 044 | |a DE | ||
| 245 | 1 | 0 | |a Einführung in das Kulturmanagement |c Werner Heinrichs |
| 250 | |a 1. Aufl. | ||
| 264 | 1 | |a Darmstadt |b Wissenschaftliche Buchgesellschaft |c 1993 | |
| 300 | |a 205 s. | ||
| 610 | 2 | 0 | |a kultúra |
| 610 | 2 | 0 | |a manažment |
| 610 | 2 | 0 | |a marketing |
| 610 | 2 | 0 | |a umenie |
| 610 | 2 | 0 | |a trh |
| 610 | 2 | 0 | |a Európa |
| 610 | 2 | 0 | |a plánovanie |
| 610 | 2 | 0 | |a televízia |
| 610 | 2 | 0 | |a rozhlas |
| 610 | 2 | 0 | |a film |
| 100 | 1 | |a Heinrichs, Werner | |